White and Negro schools in the South : an analysis of bi-racial education /

Bibliographic Details
Main Author: Pierce, Truman Mitchell, 1906-
Format: Book
Language:English
Published: Englewood Cliffs, N. J. : Prentice-Hall, 1955.
Series:Prentice-Hall education series.
Subjects:

MARC

Tag First Indicator Second Indicator Subfields
LEADER 00000cam a2200000 4500
001 in00000073226
005 20151008052511.0
008 731127s1955 nju b 00000 eng u
010 |a  55011346  
035 |a (OCoLC)00749255 
035 |9 AAH3619AM 
040 |c CSU  |d TXA  |d UtOrBLW 
049 |a TXAM  |c 1 [263520]  |c 2 [319202] 
050 0 |a LA212  |b .P5 
082 0 |a 379.75 
092 |a 379.75  |b P618w 
100 1 |a Pierce, Truman Mitchell,  |d 1906- 
245 1 0 |a White and Negro schools in the South :  |b an analysis of bi-racial education /  |c [by] Truman M. Pierce [and others]. 
264 1 |a Englewood Cliffs, N. J. :  |b Prentice-Hall,  |c 1955. 
300 |a xii, 338 pages :  |b illustrations ;  |c 24cm. 
336 |a text  |b txt  |2 rdacontent 
337 |a unmediated  |b n  |2 rdamedia 
338 |a volume  |b nc  |2 rdacarrier 
490 1 |a Prentice-Hall education series 
650 0 |a Education  |z Southern States. 
650 0 |a Segregation in education. 
830 0 |a Prentice-Hall education series. 
999 |a MARS 
999 f f |s 7fafa3e0-6ba2-32d7-a60e-bceafe469828  |i 235b826d-f718-31bb-ab24-9785cee7ee2e  |t 0 
952 f f |p normal  |a Texas A&M University  |b College Station  |c Sterling C. Evans Library  |d Evans: Library Stacks  |t 0  |e LA212 .P5  |h Library of Congress classification  |i unmediated -- volume  |m A14800870656 
998 f f |a LA212 .P5  |t 0  |l Evans: Library Stacks